| 000 | 00841nac a22002297a 4500 | ||
|---|---|---|---|
| 001 | BR0600503 | ||
| 003 | BR-BrBNA | ||
| 005 | 20240105123249.0 | ||
| 008 | 230509b bl.|||m| |||| 00| 0 por d | ||
| 040 |
_aBR-BrBNA _bpor _cBiblioteca Nacional de Agricultura |
||
| 072 | _aA50 | ||
| 090 | _aA50 BR0600503 | ||
| 110 | 1 |
_aEmpresa Brasileira de Pesquisa Agropecuária, Brasília, DF (Brasil). Depto. de Difusão de Tecnologia _93839 |
|
| 245 | 1 | _aManual de publicações da EMBRAPA - Definições para o pesquisador | |
| 260 | 3 |
_aBrasília, DF (Brasil): _c1983. |
|
| 300 | _a26 p. | ||
| 490 |
_aDocumentos - Empresa Brasileira de Pesquisa Agropecuária _vno. 10 _xISSN 0101-1413 |
||
| 650 | _aADMINISTRAÇÃO DE PESQUISA | ||
| 650 | _aPLANEJAMENTO DE PESQUISA | ||
| 909 |
_a202312 _bLúcia Elande _c55 _dLúcia Elande |
||
| 942 |
_2AGRIS _n0 _cMS |
||
| 999 |
_c294682 _d294682 |
||